Animal breeding and genetics. (Record no. 480165)

000 -LEADER
fixed length control field 01673cas a2200421 a 4500
001 - CONTROL NUMBER
control field 11379241
003 - CONTROL NUMBER IDENTIFIER
control field ASAB
005 - DATE AND TIME OF LATEST TRANSACTION
control field 20180827062648.0
008 - FIXED-LENGTH DATA ELEMENTS--GENERAL INFORMATION
fixed length control field 910814c19uu9999et qr p b 0 0eng
010 ## - LIBRARY OF CONGRESS CONTROL NUMBER
LC control number 90982153
020 ## - INTERNATIONAL STANDARD BOOK NUMBER
International Standard Book Number 9789383305490
037 ## - SOURCE OF ACQUISITION
Source of stock number/acquisition Library and Documentation Services, International Livestock Centre for Africa, P.O. Box 5689, Addis Ababa, Ethiopia.
040 ## - CATALOGING SOURCE
Original cataloging agency DLC
Language of cataloging eng
Transcribing agency ASAB
Modifying agency OCLCQ
-- OCLCF
-- OCLCO
-- OCLCQ
041 0# - LANGUAGE CODE
Language code of text/sound track or separate title eng
-- fre
-- ger
042 ## - AUTHENTICATION CODE
Authentication code pcc
050 00 - LIBRARY OF CONGRESS CALL NUMBER
Classification number Z5074.L7
Item number A52
Classification number SF105
082 00 - DEWEY DECIMAL CLASSIFICATION NUMBER
Classification number 636.08/2
Edition number 20
245 00 - TITLE STATEMENT
Title Animal breeding and genetics.
Statement of responsibility, etc. C.V. Singh
260 ## - PUBLICATION, DISTRIBUTION, ETC.
Place of publication, distribution, etc. new delhi
Name of publisher, distributor, etc. new india publication agency:
Date of publication, distribution, etc. 2015
300 ## - PHYSICAL DESCRIPTION
Extent 344 p
310 ## - CURRENT PUBLICATION FREQUENCY
Current publication frequency Quarterly
546 ## - LANGUAGE NOTE
Language note Chiefly in English; some also in French and German.
590 ## - LOCAL NOTE (RLIN)
Local note SERBIB/SERLOC merged record
650 #0 - SUBJECT ADDED ENTRY--TOPICAL TERM
Topical term or geographic name entry element Livestock
General subdivision Breeding
-- Periodicals
Form subdivision Bibliography
-- Periodicals.
9 (RLIN) 2022
650 #0 - SUBJECT ADDED ENTRY--TOPICAL TERM
Topical term or geographic name entry element Livestock
General subdivision Genetics
-- Periodicals
Form subdivision Bibliography
-- Periodicals.
9 (RLIN) 2023
650 #0 - SUBJECT ADDED ENTRY--TOPICAL TERM
Topical term or geographic name entry element Animal breeding
General subdivision Periodicals
Form subdivision Bibliography
-- Periodicals.
9 (RLIN) 2024
650 #0 - SUBJECT ADDED ENTRY--TOPICAL TERM
Topical term or geographic name entry element Animal genetics
General subdivision Periodicals
Form subdivision Bibliography
-- Periodicals.
9 (RLIN) 2025
650 #7 - SUBJECT ADDED ENTRY--TOPICAL TERM
Topical term or geographic name entry element Animal breeding
General subdivision Periodicals.
Source of heading or term fast
9 (RLIN) 2026
650 #7 - SUBJECT ADDED ENTRY--TOPICAL TERM
Topical term or geographic name entry element Animal genetics
General subdivision Periodicals.
Source of heading or term fast
9 (RLIN) 2027
650 #7 - SUBJECT ADDED ENTRY--TOPICAL TERM
Topical term or geographic name entry element Livestock
General subdivision Breeding
-- Periodicals.
Source of heading or term fast
9 (RLIN) 2028
650 #7 - SUBJECT ADDED ENTRY--TOPICAL TERM
Topical term or geographic name entry element Livestock
General subdivision Genetics
-- Periodicals.
Source of heading or term fast
9 (RLIN) 2029
655 #7 - INDEX TERM--GENRE/FORM
Genre/form data or focus term Bibliography.
Source of term fast
9 (RLIN) 2030
655 #7 - INDEX TERM--GENRE/FORM
Genre/form data or focus term Periodicals.
Source of term fast
9 (RLIN) 2031
710 2# - ADDED ENTRY--CORPORATE NAME
Corporate name or jurisdiction name as entry element International Livestock Centre for Africa.
Subordinate unit Library & Documentation Services.
9 (RLIN) 2032
906 ## - LOCAL DATA ELEMENT F, LDF (RLIN)
a 7
b cbc
c serials
d 2
e ncip
f 19
g n-oclcserc
942 ## - ADDED ENTRY ELEMENTS (KOHA)
Source of classification or shelving scheme
Koha item type Book
Holdings
Withdrawn status Lost status Source of classification or shelving scheme Damaged status Not for loan Collection code Permanent Location Current Location Date acquired Total Checkouts Full call number Barcode Date last seen Price effective from Koha item type
            Atta-ur-Rahman School of Applied Biosciences (ASAB) Atta-ur-Rahman School of Applied Biosciences (ASAB) 08/05/2016   636.08 SIN ASAB3384 08/05/2016 08/05/2016 Book
© 2023 Central Library, National University of Sciences and Technology. All Rights Reserved.